<?xml version="1.0" encoding="UTF-8"?>
<record
    xmlns:xsi="http://www.w3.org/2001/XMLSchema-instance"
    xsi:schemaLocation="http://www.loc.gov/MARC21/slim http://www.loc.gov/standards/marcxml/schema/MARC21slim.xsd"
    xmlns="http://www.loc.gov/MARC21/slim">

  <leader>01021nam0a22002411  4500</leader>
  <controlfield tag="001">rc\317992</controlfield>
  <controlfield tag="005">20250621033807.0</controlfield>
  <datafield tag="035" ind1=" " ind2=" ">
    <subfield code="a">(NLR Aleph) 005552777</subfield>
  </datafield>
  <datafield tag="090" ind1=" " ind2=" ">
    <subfield code="a">5828294</subfield>
    <subfield code="c">5828294</subfield>
  </datafield>
  <datafield tag="100" ind1=" " ind2=" ">
    <subfield code="a">20030307d1990    |||y0rusy50      ca</subfield>
  </datafield>
  <datafield tag="101" ind1="0" ind2=" ">
    <subfield code="a">rus</subfield>
  </datafield>
  <datafield tag="102" ind1=" " ind2=" ">
    <subfield code="a">RU</subfield>
  </datafield>
  <datafield tag="105" ind1=" " ind2=" ">
    <subfield code="a">y   |||||||||</subfield>
  </datafield>
  <datafield tag="200" ind1="1" ind2=" ">
    <subfield code="a">&#x417;&#x434;&#x440;&#x430;&#x432;&#x43E;&#x43E;&#x445;&#x440;&#x430;&#x43D;&#x435;&#x43D;&#x438;&#x44E; &#x411;&#x410;&#x41C; - 15 &#x43B;&#x435;&#x442;</subfield>
    <subfield code="e">(&#x422;&#x435;&#x437;. &#x434;&#x43E;&#x43A;&#x43B;. &#x43D;&#x430;&#x443;&#x447;.-&#x43F;&#x440;&#x430;&#x43A;&#x442;. &#x43A;&#x43E;&#x43D;&#x444;., 24-26 &#x43C;&#x430;&#x44F; 1990 &#x433;., &#x422;&#x44B;&#x43D;&#x434;&#x430;)</subfield>
    <subfield code="f">&#x41E;&#x442;&#x432;. &#x440;&#x435;&#x434;. &#x41A;.&#x420;. &#x421;&#x435;&#x434;&#x43E;&#x432;</subfield>
  </datafield>
  <datafield tag="210" ind1=" " ind2=" ">
    <subfield code="a">&#x41A;&#x440;&#x430;&#x441;&#x43D;&#x43E;&#x44F;&#x440;&#x441;&#x43A;</subfield>
    <subfield code="c">&#x411;. &#x438;.</subfield>
    <subfield code="d">1990</subfield>
  </datafield>
  <datafield tag="215" ind1=" " ind2=" ">
    <subfield code="a">93 &#x441;.</subfield>
    <subfield code="d">20</subfield>
  </datafield>
  <datafield tag="300" ind1=" " ind2=" ">
    <subfield code="a">&#x412; &#x43D;&#x430;&#x434;&#x437;&#x430;&#x433;.: &#x41A;&#x43E;&#x43E;&#x440;&#x434;&#x438;&#x43D;&#x430;&#x446;. &#x441;&#x43E;&#x432;&#x435;&#x442; &#x410;&#x41C;&#x41D; &#x421;&#x421;&#x421;&#x420; &#x438; &#x41C;&#x438;&#x43D;&#x437;&#x434;&#x440;&#x430;&#x432;&#x430; &#x420;&#x421;&#x424;&#x421;&#x420; &#x43F;&#x43E; &#x43D;&#x430;&#x443;&#x447;.-&#x43C;&#x435;&#x434;. &#x43F;&#x440;&#x43E;&#x431;&#x43B;. &#x411;&#x410;&#x41C;, &#x418;&#x43D;-&#x442; &#x43C;&#x435;&#x434;. &#x43F;&#x440;&#x43E;&#x431;&#x43B;. &#x421;&#x435;&#x432;&#x435;&#x440;&#x430; &#x421;&#x41E; &#x410;&#x41C;&#x41D; &#x421;&#x421;&#x421;&#x420;, &#x412;&#x440;&#x430;&#x447;&#x435;&#x431;.-&#x441;&#x430;&#x43D;. &#x441;&#x43B;&#x443;&#x436;&#x431;&#x430; &#x411;&#x410;&#x41C;</subfield>
  </datafield>
  <datafield tag="702" ind1=" " ind2="1">
    <subfield code="a">&#x421;&#x435;&#x434;&#x43E;&#x432;</subfield>
    <subfield code="b">&#x41A;.&#x420;.</subfield>
    <subfield code="g">&#x41A;&#x43E;&#x43D;&#x441;&#x442;&#x430;&#x43D;&#x442;&#x438;&#x43D; &#x420;&#x430;&#x444;&#x430;&#x438;&#x43B;&#x43E;&#x432;&#x438;&#x447;</subfield>
    <subfield code="4">340</subfield>
  </datafield>
  <datafield tag="801" ind1=" " ind2="0">
    <subfield code="a">RU</subfield>
    <subfield code="b">NLR</subfield>
    <subfield code="g">psbo</subfield>
  </datafield>
  <datafield tag="801" ind1=" " ind2="1">
    <subfield code="a">RU</subfield>
    <subfield code="b">ELAR</subfield>
    <subfield code="2">rusmarc</subfield>
  </datafield>
  <datafield tag="852" ind1=" " ind2=" ">
    <subfield code="a">NLR</subfield>
    <subfield code="j">90-4/5612</subfield>
  </datafield>
  <datafield tag="942" ind1=" " ind2=" ">
    <subfield code="c">BOOK</subfield>
  </datafield>
  <datafield tag="980" ind1=" " ind2=" ">
    <subfield code="a">NB</subfield>
  </datafield>
  <datafield tag="995" ind1=" " ind2=" ">
    <subfield code="5">2013-10-26</subfield>
    <subfield code="b">NLR01</subfield>
    <subfield code="c">NLR01</subfield>
    <subfield code="e">RF9</subfield>
    <subfield code="f">5552777-10</subfield>
    <subfield code="k">90-4/5612</subfield>
    <subfield code="o">0</subfield>
    <subfield code="r">BOOK</subfield>
    <subfield code="s">9045612_</subfield>
  </datafield>
</record>
